|
|
|
|
| LEADER |
00000nam a2200000 a 4500 |
| 001 |
UCO0284 |
| 003 |
CL-VaPUC |
| 005 |
20210605001551.0 |
| 008 |
000420e18920000FR |||||||||||||||||fre|d |
| 999 |
|
|
|c 286997
|d 286995
|
| 040 |
|
|
|c Pontificia Universidad Católica de Valparaíso
|
| 082 |
0 |
4 |
|a 940.1 ZEL 1892
|2 21
|
| 100 |
0 |
|
|a Zeller, Jules
|e author
|9 441450
|
| 245 |
1 |
0 |
|a Entretiens sur l'histoire du moyen age
|
| 260 |
|
|
|a París, Francia
|b Perrin
|c 1892
|
| 300 |
|
|
|a 2 volúmenes
|
| 583 |
|
|
|a last modification
|c 20000420 00:00:00
|k Rodrigo Vera
|
| 600 |
0 |
7 |
|a BONIFACIO VIII
|2 CL-VaPUC
|9 433026
|
| 600 |
0 |
7 |
|a FELIPE EL HERMOSO
|2 CL-VaPUC
|9 441451
|
| 600 |
0 |
7 |
|a LUIS VI
|2 CL-VaPUC
|9 441452
|
| 600 |
0 |
7 |
|a LUIS VII
|2 CL-VaPUC
|9 440993
|
| 600 |
0 |
7 |
|a SAN LUIS
|2 CL-VaPUC
|9 441453
|
| 650 |
|
0 |
|a Historia de Europa
|9 392003
|
| 650 |
|
0 |
|a Edad media
|z EUROPA
|9 258041
|
| 852 |
|
|
|a BIBCUR
|
| 942 |
|
|
|c BK
|2 ddc
|
| 945 |
|
|
|d 20000420 00:00:00
|a rherrera
|
| 952 |
|
|
|0 0
|1 0
|2 ddc
|4 0
|6 940_100000000000000_ZEL_1892
|7 0
|8 X
|9 333367
|a BIBHIS
|b BIBHIS
|d 2019-11-20
|h v.2
|i 1264184
|o 940.1 ZEL 1892
|p 1264184
|r 2024-01-30
|t 1
|w 2019-11-20
|y BK_X
|k HIS
|